000 00645cam a2200205 4500
001 D15577
008 090401t1982 xxu||||| |||| 00| 0 eng d
035 _a(Sirsi) u23755
041 _aeng
050 _a630
110 _aRoyal Institution of Chartered Surveyors
_94900
245 _aLAA Weekend Briefing 10 - 12 September 1982 at Askham Bryan College of Agriculture and Horticulture, York
260 _aLondon
_bSurveyors Technical Services
_c1982
300 _aSynopses of 9 papers
350 _a0
520 _aFiled in box RICS 1982/47 AB
710 _aLand Agency and Agriculture Division
_9773
942 _n0
948 _c04/03/1997
999 _c88445
_d88445